pays avec minimum 3 voyelles ou 3 consonnes d'affilée - Statistiques

Statistiques générales
  • Ce quiz a été pris 201 fois
    191 depuis la dernière actualisation
  • Le résultat moyen est 12 sur 24
Statistiques - réponses
Continent Pays % Correct
Amérique du Sud Paraguay
69%
Amérique du Sud Uruguay
69%
Asie Kazakhstan
68%
Amérique du Sud Guyana
64%
Océanie Papouasie Nouvelle Guinée
64%
Asie Afghanistan
62%
Europe Royaume-Uni
62%
Asie Kirghizistan
61%
Asie Turkmenistan
61%
Océanie Australie
56%
Europe Liechtenstein
56%
Europe Republique Tcheque
56%
Océanie Marshall
49%
Afrique Erythrée
47%
Asie Arabie Saoudite
46%
Amérique du Nord Saint Christophe et Nieves
46%
Afrique Tchad
39%
Asie Turquie
39%
Afrique République Centrafricaine
36%
Afrique Botswana
34%
Europe Slovaquie
31%
Asie Bangladesh
29%
Europe Hongrie
25%
Océanie Niue
11%
Aucun quiz correspondant
Distribution des résultats
% des personnes avec chaque résultat
Percentile par nombre de réponses
Votre historique - résultats
Vous n’avez pas pris ce quiz depuis la dernière actualisation